00593nam a2200181Ia 4500008004100000040001800041041000800059245008300067260005100150300001800201490003300219500003000252650002500282650001700307650002900324700003000353700002800383130821s1977 ag gr spa  aCo-BoUCMbspa aspa aIntroducción a la psicolingüísticacJean Piaget; Julian de Ajuriaguerra. aBuenos Aires (Argentina)bNueva Visiónc1977 a241 páginas aPsicología Contemporánea aNotas al pie de página.04aPsicolingüística04aPsicología04aTeoría lingüística aAjuriaguerra, Julián de aPiaget, Jeand1896-1980